Statistics for people who -think they- hate statistics

Wedi'i Gadw mewn:
Manylion Llyfryddiaeth
Prif Awdur: Salkind, Neil J (Awdur)
Fformat: Llyfr
Iaith:Saesneg
Cyhoeddwyd: Thousand Oaks Sage 2017
Rhifyn:6a. ed
Pynciau:
Tagiau: Ychwanegu Tag
Dim Tagiau, Byddwch y cyntaf i dagio'r cofnod hwn!

MARC

LEADER 00000cam a2200000 a 4500
001 UCD8535
003 CL-VaPUC
008 170512e20170000us |||||||||||||||||eng|d
020 |a 1506333830 
082 0 4 |a 519.5  |b SAL  |2 21 
100 0 |a Salkind, Neil J  |e author  |9 592076 
245 1 0 |a Statistics for people who -think they- hate statistics 
250 |a 6a. ed 
300 |a 519 p 
942 |c BK 
945 |d 20170512 22:27:00  |a arojas 
260 |a Thousand Oaks  |b Sage  |c 2017 
650 0 |a Estadística matemática  |9 260028 
650 0 |a Probabilidades   |9 260199 
650 0 |a Gráficos   |9 351109 
583 |a last modification  |c 20170512 22:27:00  |k Rodrigo Vera 
999 |c 367931  |d 367929 
952 |0 0  |1 0  |3 erb  |4 0  |6 519_500000000000000_SAL_2017  |7 0  |8 A  |9 483142  |a BIBGIM  |b BIBGIM  |i 537569K  |o 519.5 SAL 2017  |p 537569K  |r 2025-01-15  |w 2019-11-24  |y BK  |z Catalogado en:20170512  |k SSL 
952 |0 0  |1 0  |3 erb  |4 0  |6 519_500000000000000_SAL_2017  |7 0  |8 A  |9 483143  |a BIBGIM  |b BIBGIM  |i 5375703  |o 519.5 SAL 2017  |p 5375703  |r 2025-01-15  |w 2019-11-24  |y BK  |z Catalogado en:20170512  |k SSL 
952 |0 0  |1 0  |3 erb  |4 0  |6 519_500000000000000_SAL_2017  |7 0  |8 A  |9 483144  |a BIBGIM  |b BIBGIM  |i 5375711  |o 519.5 SAL 2017  |p 5375711  |r 2025-01-15  |w 2019-11-24  |y BK  |z Catalogado en:20170512  |k SSL 
952 |0 0  |1 0  |3 erb  |4 0  |6 519_500000000000000_SAL_2017  |7 0  |8 A  |9 483145  |a BIBGIM  |b BIBGIM  |i 5406277  |o 519.5 SAL 2017  |p 5406277  |r 2025-01-15  |w 2019-11-24  |y BK  |z Catalogado en:20170709  |k SSL 
952 |0 0  |1 0  |3 erb  |4 0  |6 519_500000000000000_SAL_2017  |7 0  |8 A  |9 483146  |a BIBGIM  |b BIBGIM  |i 5406285  |o 519.5 SAL 2017  |p 5406285  |r 2025-01-15  |w 2019-11-24  |y BK  |z Catalogado en:20170709  |k SSL